000 00488nmm a2200157Ia 4500
008 251105s9999||||xx |||||||||||||||||und||
020 _a9789587719369
041 _aspa
100 _aCabanzo de Ponce de León, Rocío
245 0 _aPsicoanálisis vincular online :
_b Pareja, familia. Otra escena
264 _a[Bogotá, Colombia] :
_bEcoe Ediciones,
_c2020
300 _a252 páginas
650 _aPsychology
856 _uhttps://public.digitaliapublishing.com/a/81396
942 _cCF
999 _c96287
_d96287